Representations of war in ancient Rome / (Record no. 182497)

MARC details
000 -LEADER
campo de control de longitud fija 00823nam a2200229 i 4500
001 - NÚMERO DE CONTROL
campo de control 182497
003 - IDENTIFICADOR DE NÚMERO DE CONTROL
campo de control ES-MaACL
005 - FECHA Y HORA DE LA ÚLTIMA TRANSACCIÓN
campo de control 20250812050900.0
008 - DATOS DE LONGITUD FIJA--INFORMACIÓN GENERAL
campo de control de longitud fija 130909s2009 xxu |||| | eng d
020 ## - NÚMERO INTERNACIONAL ESTÁNDAR DEL LIBRO
Número Internacional Estándar del Libro 978-0-521-13083-7
245 00 - MENCIÓN DEL TÍTULO
Título Representations of war in ancient Rome /
Mención de responsabilidad, etc. edited by Sheila Dillon, Katherine E. Welch.
260 ## - PUBLICACIÓN, DISTRIBUCIÓN, ETC.
Lugar de publicación, distribución, etc. Cambridge :
Nombre del editor, distribuidor, etc. Cambridge University Press,
Fecha de publicación, distribución, etc. 2009.
300 ## - DESCRIPCIÓN FÍSICA
Extensión XIV, 365 p. :
Otras características físicas il. ;
Dimensiones 27 cm.
504 ## - NOTA DE BIBLIOGRAFÍA, ETC.
Nota de bibliografía, etc. Incluye referencias bibliográficas (p. 321-348) e índice.
650 #4 - PUNTO DE ACCESO ADICIONAL DE MATERIA--TÉRMINO DE MATERIA
Término de materia o nombre geográfico como elemento de entrada Guerra-
Subdivisión general En el arte.
9 (RLIN) 136209
650 07 - PUNTO DE ACCESO ADICIONAL DE MATERIA--TÉRMINO DE MATERIA
Término de materia o nombre geográfico como elemento de entrada Arte romano
Fuente del encabezamiento o término embne
9 (RLIN) 10314
700 1# - ENTRADA AGREGADA--NOMBRE PERSONAL
Nombre de persona Dillon, Sheila.
9 (RLIN) 153363
700 1# - ENTRADA AGREGADA--NOMBRE PERSONAL
Nombre de persona Welch, Katherine E.
9 (RLIN) 153364
852 ## - LOCALIZACIÓN
Ubicación ES-MaACL
Número de control de estantería A-12883
itemnumber 189409
Sublocalización o colección R.149850
Ubicación en estantería Depósito 1
Signatura antigua Olim: N-5883
942 ## - ELEMENTOS DE ENTRADA SECUNDARIOS (KOHA)
Fuente del sistema de clasificación o colocación Clasificación decimal universal
Tipo de ítem Koha Libro impreso
Holdings
Estatus retirado Estado de pérdida Fuente del sistema de clasificación o colocación Estado de daño No para préstamo Biblioteca de origen Biblioteca actual Ubicación en estantería Fecha de adquisición Fuente de adquisición Total de préstamos Signatura topográfica completa Código de barras Visto por última vez Precio de reemplazo Tipo de ítem Koha
    Clasificación decimal universal     Biblioteca del Ateneo de Madrid Biblioteca del Ateneo de Madrid Depósito 1 09/09/2013 Compra   A-12883 1191786 23/02/2023 23/02/2023 Libro impreso